000
00315nam a2200133Ia 4500
005
20251222155147.0
008
251222s9999||||xx |||||||||||||| ||spa||
082
_a
GIN.30
100
_a
Williams/Fgary/Kennet.
245
0
_a
Obstetricia de William
250
_a
22va. ed.
264
_b
Mc-Graw Hill
942
_c
LIB
999
_c
39431
_d
39431